Effect of computerization on acquisitions /

Saved in:
Bibliographic Details
Main Author: Kilgour, Frederick G.
Corporate Authors: Institute on Acquisitions Proceedures in Academic Libraries, San Diego, 1969, University of California, San Diego. Library
Format: Book
Language:English
Published: San Diego : University Library, University of California, [1969?].
Subjects:
LEADER 01161nam a2200253 i 4500
001 c000033251
003 CARM
005 00000000000000.0
008 850710s1969 cau eng d
019 1 |a 9710579  |5 LACONCORD2021 
035 |a (OCoLC)221169032  |5 LACONCORD2021 
100 1 |a Kilgour, Frederick G. 
245 1 0 |a Effect of computerization on acquisitions /  |c by Frederick G. Kilgour. 
260 |a San Diego :  |b University Library, University of California,  |c [1969?]. 
300 |a 19 leaves. 
500 |a At head of title: Institute on Acquisitions Procedures in Academic Libraries sponsored by the Univer. 
500 |a Bibliography: leaves 15-19. 
500 |a Photocopy. Washington, D.C., ERIC, [1969?]. 
650 0 |a Acquisitions (Libraries)  |x Automation. 
710 2 0 |a Institute on Acquisitions Proceedures in Academic Libraries, San Diego, 1969. 
710 2 0 |a University of California, San Diego.  |b Library. 
852 8 |b CARM  |h A2:AE24C0  |i D00271  |p 0022008  |f BK 
999 f f |i 2b5be103-4e51-5022-8b06-9abc45812c3b  |s a35a9901-480c-5344-87d8-a27a33fe02f3 
952 f f |p Can circulate  |a CAVAL  |b CAVAL  |c CAVAL  |d CARM 1 Store  |e D00271  |f A2:AE24C0  |h Other scheme  |i book  |m 0022008